Il veglione di Capodanno

Shranjeno v:
Bibliografske podrobnosti
Glavni avtor: Klein Bobet
Format: Knjiga
Jezik:neznan ali neveljaven jezik
Izdano: Forl Zoe 2000
Oznake: Označite
Brez oznak, prvi označite!

MARC

LEADER 00000nam a2200000Ia 4500
001 67
003 NUMERAZIONE-ORIGINALE-BRESCIA
005 20260206230747.0
008 260206s9999 xx 000 0 und d
100 |a Klein Bobet 
245 0 |a Il veglione di Capodanno 
260 |a Forl  
260 |b Zoe 
260 |c 2000 
942 |2 ddc  |c BK  |n 0 
952 |0 0  |1 0  |2 ddc  |4 0  |6 11  |7 0  |9 28253  |a BS  |b BS  |d 2026-02-06  |i 67  |l 0  |o 1-1-*  |r 2026-02-06 22:40:31  |w 2026-02-06  |x [REVISIONARE]  |y BK 
999 |c 23949  |d 23949